El jugador (Registro nro. 16421)

Detalles MARC
000 -CABECERA
Longitud fija campo de control 00694nam a2200205 b 4500
003 - IDENTIFICADOR DELl NÚMERO DE CONTROL
Identificador del número de control OSt
005 - FECHA Y HORA DE LA ÚLTIMA TRANSACCIÓN
Fecha y hora de la última transacción 20151116163603.0
008 - CÓDIGOS DE INFORMACIÓN DE LONGITUD FIJA
Códigos de información de longitud fija 070718s1969 slv spa
040 ## - FUENTE DE LA CATALOGACIÓN
Centro catalogador de origen SpMaBN
Lengua de catalogación spa
Centro transcriptor BMC
Normas de descripción rdc
082 ## - NÚMERO DE LA CLASIFICACIÓN DECIMAL DEWEY
Númeroo de clasificación 891.7
100 1# - PUNTO DE ACCESO PRINCIPAL-NOMBRE DE PERSONA
9 (RLIN) 133
Nombre de persona Dostoevskiï, Fiodor Mijaïlovich
Fechas asociadas al nombre 1821-1881
245 13 - MENCIÓN DE TÍTULO
Título El jugador
Mención de responsabilidad, etc. Fedor Dostoievski ; prólogo de Carlos Pujol ; [traducción del ruso por José Laín Entralgo]
260 ## - PUBLICACIÓN, DISTRIBUCIÓN, ETC. (PIE DE IMPRENTA)
Lugar de publicación, distribución, etc. Madrid
Nombre del editor, distribuidor, etc. Salvat : Alianza
Fecha de publicación, distribución, etc. 1969
300 ## - DESCRIPCIÓN FÍSICA
Extensión 188 p., 1 h.
Dimensiones 19 cm
490 ## - MENCIÓN DE SERIE
Mención de serie Biblioteca Básica Salvat. Libro RTV
Designación de volumen o secuencia 5
650 24 - PUNTO DE ACCESO ADICIONAL DE MATERIA - TÉRMINO DE MATERIA
9 (RLIN) 29314
Término de materia o nombre geográfico como elemento inicial Novela rusa
700 1# - PUNTO DE ACCESO ADICIONAL - NOMBRE DE PERSONA
Nombre de persona Pujol, Carlos
Fechas asociadas al nombre 1936-2012
9 (RLIN) 29341
700 1# - PUNTO DE ACCESO ADICIONAL - NOMBRE DE PERSONA
Nombre de persona Laín Entralgo, José
9 (RLIN) 26028
942 ## - ENTRADA DE ELEMENTOS AGREGADOS (KOHA)
Fuente de clasificaión o esquema Dewey Decimal Classification
Koha [por defecto] tipo de item 1- Monografias
Existencias
Suprimido Perdido Fuente de clasificación o esquema Estropeado Restricciones de uso No para préstamo Código de colección Localización permanente Localización actual Localización en estanter&íacute;as Fecha adquisición Fuente de adquisición Número de inventario Préstamos totales Signatura completa Código de barras Fecha última consulta Coste, precio reemplazado Fecha del precio de reemplazo Tipo de item de Koha
NULL NULL Dewey Decimal Classification NULL Prestable NULL NULL Biblioteca Miguel de Cervantes - UNICAES Biblioteca Miguel de Cervantes - UNICAES Sala Principal 09/12/2014 Donación - Proyección Social 025723   N DOS jug 1026133 09/12/2014 5.35 09/12/2014 1- Monografias
NULL NULL Dewey Decimal Classification NULL Prestable NULL NULL Biblioteca Miguel de Cervantes - UNICAES Biblioteca Miguel de Cervantes - UNICAES Sala Principal 09/12/2014 Donación - Proyección Social 025724   891.7 N DOS jug 1026134 09/12/2014 5.35 09/12/2014 1- Monografias
NULL NULL Dewey Decimal Classification NULL Prestable NULL NULL Biblioteca Miguel de Cervantes - UNICAES Biblioteca Miguel de Cervantes - UNICAES Sala Principal 09/12/2014 Donación - Hnas Concepcionistas 025725   N DOS jug 1026135 09/12/2014 5.35 09/12/2014 1- Monografias